THE KHERWAL: (Record no. 186479)

MARC details
000 -LEADER
fixed length control field 00586nam a22001817a 4500
005 - DATE AND TIME OF LATEST TRANSACTION
control field 20220307122823.0
010 ## - LCCN (DPL NO)
LC control number ENG-131853
020 ## - INTERNATIONAL STANDARD BOOK NUMBER
Terms of availability 200.00
035 ## - SYSTEM CONTROL NUMBER
System control number EN-115385
037 ## - SOURCE OF ACQUISITION
Source of stock number/acquisition DBAD/PUB
082 ## - DEWEY DECIMAL CLASSIFICATION NUMBER
Classification number 305.89595054
Item number 1
100 ## - MAIN ENTRY--PERSONAL NAME
Personal name SAREN, BAIDYANATH
245 ## - TITLE STATEMENT
Title THE KHERWAL:
Remainder of title Anicent History Of The Santals/
Statement of responsibility, etc Baidyanath Saren
260 ## - PUBLICATION, DISTRIBUTION, ETC. (IMPRINT)
Place of publication, distribution, etc West Bangal
Name of publisher, distributor, etc Adibasi Socio Educational & Cultural Association
Date of publication, distribution, etc 2008
270 ## - ADDRESS
Address 14/1,Kundu Lane, Bhowani Pore
City Kolkata
Postal code 25
300 ## - PHYSICAL DESCRIPTION
Extent X, 154p
Dimensions 22cm(pbk)
Other physical details Reference
942 ## - ADDED ENTRY ELEMENTS (KOHA)
Source of classification or shelving scheme Dewey Decimal Classification
Item type English Books
Classification part 305.89595054
Call number suffix SAR
Holdings
Withdrawn status Lost status Not for loan Collection code Home library Current library Date acquired Source of acquisition Cost, normal purchase price Full call number Barcode Copy number Cost, replacement price Koha item type
      Non-fiction Central Library Central Library 07/03/2022 DBAD/PUB 200.00 305.89595054 SAR EN-115385 1 200.00 English Books

© Delhi Public Library
Hit Counter
free hit counter